000 00398nam a2200157Ia 4500
999 _c29356
_d29356
003 OSt
005 20250712100047.0
008 250310s9999||||xx |||||||||||||| ||und||
040 _c.
082 _a891.43
_bS77427
100 _96134
_aSrivastava, Utkarsh
245 0 _aRanakshetram /
_cUtkarsh Srivastava
260 _aAllahabad :
_bAnjuman prakashan,
_c2017.
300 _a276 p.
942 _cBK
_2ddc